| 000 -CABECERA |
| fixed length control field |
01428nam a22002777a 4500 |
| 003 - IDENTIFICADOR DEL NÚMERO DE CONTROL |
| control field |
AR-CdUCM |
| 008 - DATOS DE LONGITUD FIJA--INFORMACIÓN GENERAL |
| fixed length control field |
190305b ||||| |||| 00| 0 spa d |
| 040 ## - FUENTE DE LA CATALOGACIÓN |
| Agencia/entidad que catalogó originalmente la obra |
MUNICIPALIDAD PROVINCIAL DEL CUSCO |
| Entidad que transcribió la catalogación |
BIBLIOTECA MUNICIPAL DEL CUSCO |
| 082 ## - NÚMERO DE LA CLASIFICACIÓN DECIMAL DEWEY |
| No. de Clasificación |
985.612/M93 |
| Notacion interna |
M93 |
| 110 ## - ENTRADA PRINCIPAL--NOMBRE DE ENTIDAD CORPORATIVA |
| Nombre de la institución, jurisdicción como entrada principal |
Municipalidad Provincial del Cusco |
| 9 (RLIN) |
46760 |
| 245 ## - MENCIÓN DE TÍTULO |
| Título |
El urbanismo Inka del Cusco: |
| Resto del título |
Nuevas aportaciones / |
| Mención de responsabilidad |
Municipalidad del Cusco, Smithsonian, Universitat Rovira I Virgili |
| 260 ## - PUBLICACIÓN, DISTRIBUCIÓN, ETC. |
| Lugar de publicación, distribución, etc. |
Cusco : |
| Nombre de la editorial, distribuidor, etc. |
Municipalidad Provincial del Cusco, |
| Fecha de publicación, distribución, etc. |
2014. |
| 300 ## - DESCRIPCIÓN FÍSICA |
| Nº de Páginas Extensión |
157 páginas. : |
| Otros detalles físicos |
ilustraciones ; |
| Dimensiones |
30 cm. |
| 505 ## - NOTA DE CONTENIDO CON FORMATO |
| Nota de contenido formateada |
Contenido: Estrategias de Gestión del Centro Histórico del Cusco -- La Imagen del Cusco Inka en la Historia: Posibilidades y Límites en la reconstrucción de la capital del Tawantinsuyu -- Territorio y ciudad en el cusco Inka -- Los caminos del Inka: El Qhapaq Ñan -- Los Caminos del Inca en el Valle del Cusco -- El urbanismo Inka del Cusco -- Celebraciones Rituales del Inkanato en el espacio de la Ciudad -- El Camino Ritual del Inti Raymi... |
| 650 ## - PUNTO DE ACCESO ADICIONAL DE MATERIA--TÉRMINO DE MATERIA |
| Descriptor |
Qhapaq Ñan |
| 9 (RLIN) |
45532 |
| 650 ## - PUNTO DE ACCESO ADICIONAL DE MATERIA--TÉRMINO DE MATERIA |
| Descriptor |
Urbanismo Inka |
| 9 (RLIN) |
9521 |
| 650 ## - PUNTO DE ACCESO ADICIONAL DE MATERIA--TÉRMINO DE MATERIA |
| Descriptor |
Inti Raymi |
| 9 (RLIN) |
9522 |
| 650 ## - PUNTO DE ACCESO ADICIONAL DE MATERIA--TÉRMINO DE MATERIA |
| Descriptor |
Planificación urbana |
| 9 (RLIN) |
45230 |
| 650 ## - PUNTO DE ACCESO ADICIONAL DE MATERIA--TÉRMINO DE MATERIA |
| Descriptor |
Cusco |
| 9 (RLIN) |
772 |
| 700 ## - PUNTO DE ACCESO ADICIONAL--NOMBRE DE PERSONA |
| Nombre Personal |
Beltrán Caballero, José Alejandro |
| 9 (RLIN) |
46761 |
| 700 ## - PUNTO DE ACCESO ADICIONAL--NOMBRE DE PERSONA |
| Nombre Personal |
Alfaro Auca, Crayla |
| 9 (RLIN) |
46762 |
| 700 ## - PUNTO DE ACCESO ADICIONAL--NOMBRE DE PERSONA |
| Nombre Personal |
Mar, Ricardo |
| 9 (RLIN) |
46763 |
| 700 ## - PUNTO DE ACCESO ADICIONAL--NOMBRE DE PERSONA |
| Nombre Personal |
Matos, Ramiro |
| 9 (RLIN) |
46764 |
| 942 ## - ELEMENTOS DE PUNTO DE ACCESO ADICIONAL (KOHA) |
| Fuente de clasificación |
|
| Tipo de item |
Libros-BMC |
| 945 ## - PROCESAMIENTO DE INFORMACIÓN LOCAL (OCLC) |
| Catalogador |
rtm |